GRIFFITHIANA, ANNO 07-N.18/19/20/21 (OTTOBRE 1984) (Record n. 122879)

Dettagli MARC
000 -LEADER
fixed length control field 00878nas a2200253Ia 4500
001 - CONTROL NUMBER
control field R020/42812
003 - CONTROL NUMBER IDENTIFIER
control field IT-RoPAU
008 - FIXED-LENGTH DATA ELEMENTS--GENERAL INFORMATION
fixed length control field 151124c99999999xx |||||||||||| ||und||
040 ## - CATALOGING SOURCE
Original cataloging agency IT-RoPAU
040 ## - CATALOGING SOURCE
Transcribing agency IT-RoPAU
041 ## - LANGUAGE CODE
Language code of text/sound track or separate title ITALIANO
100 ## - MAIN ENTRY--PERSONAL NAME
Personal name Gallagher Tag
Miscellaneous information Codice Aut. SPICS: 21325
210 ## - ABBREVIATED TITLE
Abbreviated title GRIFFITHIANA
222 ## - KEY TITLE
Key title Griffithiana
245 ## - TITLE STATEMENT
Title GRIFFITHIANA, ANNO 07-N.18/19/20/21 (OTTOBRE 1984)
Remainder of title Francis Ford-Una Filmografia
250 ## - EDITION STATEMENT
Edition statement 1a ed.
260 ## - PUBLICATION, DISTRIBUTION, ETC. (IMPRINT)
Place of publication, distribution, etc. GENOVA - UDINE
Name of publisher, distributor, etc. HUMOUDA A.R. / CINEPOPOLARE
Date of publication, distribution, etc. 1984
300 ## - PHYSICAL DESCRIPTION
Extent 16 p. [205-220]
362 ## - DATES OF PUBLICATION AND/OR SEQUENTIAL DESIGNATION
Dates of publication and/or sequential designation ANNO 007, N.18/19/20/21 (OTTOBRE 1984)
501 ## - WITH NOTE
-- Paulus - SPICS - Società San Paolo EM (non-commercial uses only)
-- Copyright2015
500 ## - GENERAL NOTE
General note Filmografia di Francis Ford in Ordine Cronologico Anno per Anno Dal 1908 al 1953.
650 ## - SUBJECT ADDED ENTRY--TOPICAL TERM
Topical term or geographic name as entry element CINEMA
Form subdivision PUBBLICAZIONE PERIODICA
942 ## - ADDED ENTRY ELEMENTS (KOHA)
Koha item type RIVISTA
Dati di copia
Withdrawn status Lost status Damaged status Not for loan Home library Current library Date acquired Total Checkouts Full call number Date last seen Price effective from Koha item type Public note
    Buone Condizioni Not For Loan SPICS-MEDIATECA SPICS-MEDIATECA 25/11/2015   R020/42812 25/11/2015 25/11/2015 RIVISTA Progr. Ins: 27244 / Copia rara: NO / date import: 25.11.2015 / By Epidotti, Trombetti, Vaglietti
CREDITS: SOCIETA' SAN PAOLO Via A.Severo, 58 - ROMA (RM) & PERIODICI SAN PAOLO SRL Via Giotto, 36 MILANO & CISF Via Giotto, 36 MILANO & EDIZIONI SAN PAOLO SRL,  Piazza Soncino, 5 CINISELLO BALSAMO (MI) -- ITALY